Central Library OPAC University of Rajshahi

روح المعاني في تفسير القرآن العظيم و السبع المثاني ruh almaeani fi tafsir alquran aleazim w alsabe almathani / (Record no. 80879)

MARC details
000 -LEADER
fixed length control field 01004naa a2200229 a 4500
001 - CONTROL NUMBER
control field 80879
003 - CONTROL NUMBER IDENTIFIER
rucl marc code BD-RjUL
005 - DATE AND TIME OF LATEST TRANSACTION
control field 20221204145456.0
008 - FIXED-LENGTH DATA ELEMENTS--GENERAL INFORMATION
fixed length control field 221204s1955 u ||||| |||| 00| 0 ara d
035 ## - SYSTEM CONTROL NUMBER
System control number (BD-RjUL) 80879
040 ## - CATALOGING SOURCE
Original cataloging agency BD-RjUL
Language of cataloging eng
Transcribing agency BD-RjUL
041 ## - LANGUAGE CODE
Language code of text/sound track or separate title ara
082 ## - DEWEY DECIMAL CLASSIFICATION NUMBER
Edition number 23
Classification number 297.1226
Author mark and year RUH 1955
100 1# - MAIN ENTRY--PERSONAL NAME
Personal name Al-Alusi, Shihab Al-Din Abu Al-Thana Mahmoud bin الآلوسي ، شهاب الدين أبو الثناء محمود بن
9 (RLIN) 6122
245 10 - TITLE STATEMENT
Title روح المعاني في تفسير القرآن العظيم و السبع المثاني ruh almaeani fi tafsir alquran aleazim w alsabe almathani /
Statement of responsibility, etc. ، شهاب الدين أبو الثناء محمود بن عبد الله الحسيني ، Shihab Al-Din Abu Al-Thana Mahmoud bin Abdullah Al-Husseini,
264 ## - PRODUCTION, PUBLICATION, DISTRIBUTION, MANUFACTURE, AND COPYRIGHT NOTICE
Place of production, publication, distribution, manufacture Misr :
Name of producer, publisher, distributor, manufacturer Adarat tobaat maniriat
Date of production, publication, distribution, manufacture, or copyright notice 1955
300 ## - PHYSICAL DESCRIPTION
Pagination الجزء العاشر
505 ## - FORMATTED CONTENTS NOTE
Formatted contents note الجزء العاشر
650 ## - SUBJECT ADDED ENTRY--TOPICAL TERM
Topical term or geographic name as entry element Tafsir
Form subdivision Al-quran
9 (RLIN) 6123
Topical term or geographic name as entry element Islam
942 ## - ADDED ENTRY ELEMENTS (KOHA)
Source of classification or shelving scheme Dewey Decimal Classification
Koha item type Books
Holdings
Lost status Source of classification or shelving scheme Damaged status Not for loan Collection code Permanent Location Current Location Shelving location Date acquired Full call number Date last seen Copy number Koha item type Total Checkouts
  Dewey Decimal Classification   Not For Loan Non-fiction Central Library, University of Rajshahi Central Library, University of Rajshahi Reading Room 04/12/2022 A 297.1226 RUH V-10 1955 04/12/2022 C-1 Books  
  Dewey Decimal Classification   Not For Loan Non-fiction Central Library, University of Rajshahi Central Library, University of Rajshahi Reading Room 12/12/2022 A 297.1226 RUH V-6 1955 12/12/2022 C-1 Books  
  Dewey Decimal Classification   Not For Loan Non-fiction Central Library, University of Rajshahi Central Library, University of Rajshahi Reading Room 12/12/2022 A 297.1226 RUH V-17 1955 12/12/2022 C-1 Books  
  Dewey Decimal Classification   Not For Loan Non-fiction Central Library, University of Rajshahi Central Library, University of Rajshahi Reading Room 12/12/2022 A 297.1226 RUH V-17 1955 12/12/2022 C-1 Books  
  Dewey Decimal Classification   Not For Loan Non-fiction Central Library, University of Rajshahi Central Library, University of Rajshahi Reading Room 12/12/2022 A 297.1226 RUH V-23 1955 12/12/2022 C-1 Books  
  Dewey Decimal Classification   Not For Loan Non-fiction Central Library, University of Rajshahi Central Library, University of Rajshahi Reading Room 19/12/2022 A 297.1226 RUH V-2 1955 19/12/2022 C-1 Books